Lanean...

B VITAMINS AND FOLATE: CHEMISTRY, ANALYSIS, FUNCTION AND EFFECTS/

Xehetasun bibliografikoak
Beste egile batzuk: Preedy, Victor R.editor
Formatua: Printed Book
Argitaratua: UK: RSC, 2013.
Gaiak:
LEADER 00665nam a2200157 4500
999 |c 123449  |d 123449 
020 |a 9781849733694 
082 |a 572.58   |b PRE/B 
245 |a B VITAMINS AND FOLATE:   |b CHEMISTRY, ANALYSIS, FUNCTION AND EFFECTS/  |c edited by Victor R. Preedy. 
260 |a UK:  |b RSC,  |c 2013. 
300 |a xxxii, 855 pages :   |b  illustrations ;   |e  25 cm. 
500 |a   
650 |a B VITAMINS AND FOLATE-- CHEMISTRY-- ANALYSIS-- FUNCTION AND EFFECTS 
700 |a Preedy, Victor R.editor. 
942 |c BK 
952 |0 0  |1 0  |4 0  |6 572_580000000000000_PRE_B  |7 0  |9 136911  |a CHE  |b CHE  |g 130.00  |l 0  |o 572.58 PRE/B  |p CHE4778  |r 2019-10-15  |w 2019-10-15  |y BK